| 000 | 00528cam a22002051 4500 | ||
|---|---|---|---|
| 001 | af 48000939 | ||
| 003 | DLC | ||
| 005 | 20260227110846.0 | ||
| 008 | 890320s1944 gw 000 1 ger c | ||
| 010 | _aaf 48000939 | ||
| 035 | _a(OCoLC)19402644 | ||
| 040 |
_aYale Univ. Library _cCU _dDLC |
||
| 042 | _apremarc | ||
| 050 | 0 | 0 |
_aPT2601.N36 _bV3 |
| 082 | _a833.91 | ||
| 100 | 1 | _aAndreae, Illa Aloysia Elisabeth. | |
| 245 | 1 | 4 |
_aDie Väter; _bRoman. |
| 260 |
_aHamburg, _bHammerich & Lesser _c[1944] |
||
| 300 |
_a318 p. _c20 cm. |
||
| 999 |
_c4279 _d4279 |
||